Giáo trình hóa học môi trường

में बचाया:
ग्रंथसूची विवरण
मुख्य लेखक:  Giáo trình hóa học môi trường
स्वरूप: Sách
भाषा:Undetermined
प्रकाशित:  Khoa học và Kỹ thuật  2022
विषय:
टैग : टैग जोड़ें
कोई टैग नहीं, इस रिकॉर्ड को टैग करने वाले पहले व्यक्ति बनें!
Thư viện lưu trữ: Trung tâm Thư viện - Trường Đại học Công nghiệp TP. Hồ Chí Minh
LEADER 00504nam a2200145Ia 4500
001 UIH_08279
008 241002s9999 xx 000 0 und d
082 |a  628 
100 |a  Giáo trình hóa học môi trường 
245 0 |a  Giáo trình hóa học môi trường 
260 |b  Khoa học và Kỹ thuật 
260 |c  2022 
650 |a Hóa học môi trường 
927 |a Sách 
980 |a Trung tâm Thư viện - Trường Đại học Công nghiệp TP. Hồ Chí Minh